CLASSEMENT TENNIS ATP DE 1 A 100 - Statistiques

Statistiques générales
  • Ce quiz a été pris 166 fois
    22 depuis la dernière actualisation
  • Le résultat moyen est 59 sur 100
Statistiques - réponses
RANK NATIONALITÉ JOUEURS % Correct
44 France Adrian Mannarino
75%
94 Etats-Unis Aleksandar Kovacevic
75%
10 Kazakhstan Alexander Bublik
75%
88 Kazakhstan Alexander Shevchenko
75%
3 Allemagne Alexander Zverev
75%
9 Australie Alex De Minaur
75%
13 Russie Andrey Rublev
75%
74 France Arthur Cazaux
75%
19 France Arthur Fils
75%
6 Etats-Unis Ben Shelton
75%
34 Etats-Unis Brandon Nakashima
75%
22 Royaume-uni Cameron Norrie
75%
2 Espagne Carlos Alcaraz
75%
17 Norvege Casper Ruud
75%
87 Bosnie-Herzégovine Damir Dzumhur
75%
8 Russie Daniil Medvedev
75%
5 Canada Felix Auger Aliassime
75%
12 Italie Flavio Cobolli
75%
21 Etats-Unis Frances Tiafoe
75%
27 Argentine Francisco Cerundolo
75%
77 France Giovanni Mpetshi Perricard
75%
76 Royaume-Uni Jack Draper
75%
28 Tchéquie Jakub Mensik
75%
1 Italie Jannik Sinner
75%
39 Espagne Jaume Munar
75%
61 Etats-Unis Jenson Brooksby
75%
54 Argentine Juan Manuel Cerundolo
75%
11 Italie Lorenzo Musetti
75%
69 Italie Lorenzo Sonego
75%
16 Italie Luciano Darderi
75%
45 Croatie Marin Cilic
75%
96 Italie Matteo Arnaldi
75%
4 Serbie Novak Djokovic
75%
90 Espagne Pablo Carreno Busta
75%
89 France Quentin Halys
75%
75 Etats-Unis Reilly Opelka
75%
98 Espagne Roberto Bautista Agut
75%
91 Autriche Sebastian Ofner
75%
7 Etats-Unis Taylor Fritz
75%
40 Tchéquie Tomas Machac
75%
25 Etats-Unis Tommy Paul
75%
35 France Ugo Humbert
75%
73 France Valentin Royer
75%
18 Monaco Valentin Vacherot
75%
23 Espagne Alejandro Davidovich Fokina
50%
33 Chili Alejandro Tabilo
50%
100 Australie Aleksandar Vukic
50%
36 Belgique Alexander Blockx
50%
62 Australie Alexei Popyrin
50%
41 Etats-Unis Alex Michelsen
50%
24 France Arthur Rinderknech
50%
99 France Benjamin Bonzi
50%
53 Pays-Bas Botic Van de Zandschulp
50%
32 France Corentin Moutet
50%
65 Allemagne Daniel Altmaier
50%
86 Espagne Daniel Merida
50%
37 Canada Denis Shapovalov
50%
71 Croatie Dino Prizmic
50%
49 Etats-Unis Ethan Quinn
50%
52 Hongrie Fabian Marozsan
50%
46 Canada Gabriel Diallo
50%
43 Danemark Holger Rune
50%
79 Pologne Hubert Hurkacz
50%
57 Perou Ignacio Buse
50%
83 Australie James Duckworth
50%
80 Allemagne Jan Lennard Struff
50%
14 Tchéquie Jiri Lehecka
50%
30 Brésil Joao Fonseca
50%
78 Pologne Kamil Majchrzak
50%
15 Russie Karen Khachanov
50%
20 Etats-Unis Learner Tien
50%
84 Etats-Unis Marcos Giron
50%
42 Argentine Mariano Navone
50%
67 Espagne Martin Landaluce
50%
59 Hongrie Marton Fucsovics
50%
72 Italie Mattia Bellucci
50%
48 Serbie Miomir Kecmanovic
50%
50 Portugal Nuno Borges
50%
95 Etats-Unis Patrick Kypson
50%
29 Espagne Rafael Jodar
50%
60 Belgique Raphael Collignon
50%
63 Argentine Sebastian Baez
50%
47 Etats-Unis Sebastian Korda
50%
82 Grèce Stefanos Tsitsipas
50%
31 Pays-Bas Tallon Griekspoor
50%
51 France Terence Atmane
50%
58 Argentine Thiago Agustin Tirante
50%
26 Argentine Tomas Martin Etcheverry
50%
93 Chine Yibing Wu
50%
85 Etats-Unis Zachary Svajda
50%
38 Belgique Zizou Bergs
50%
70 Paraguay Adolfo Daniel Vallejo
25%
68 Argentine Camilo Ugo Carabelli
25%
92 Etats-Unis Eliot Spizzirri
25%
97 Etats-Unis Emilio Nava
25%
56 Serbie Hamad Medjedovic
25%
81 Argentine Marco Trungelliti
25%
66 Argentine Roman Andres Burruchaga
25%
64 Tchéquie Vit Kopriva
25%
55 Allemagne Yannick Hanfmann
25%
Aucun quiz correspondant
Distribution des résultats
% des personnes avec chaque résultat
Percentile par nombre de réponses
Votre historique - résultats
Vous n’avez pas pris ce quiz depuis la dernière actualisation